000 00242nam a2200097Ia 4500
008 230915s9999 xx 000 0 und d
050 _aTX 911.3.M27 C68 1995
100 _aCOUSINS, JOHN
245 0 _aFOOD AND BEVERAGE MANAGEMENT
942 _cBK
999 _c206116
_d206116